Normal view
MARC view
- TCC-10
Entry Geographic Name
001 - CONTROL NUMBER
- control field: 131808
003 - CONTROL NUMBER IDENTIFIER
- control field: NUST
005 - DATE AND TIME OF LATEST TRANSACTION
- control field: 20251111172543.0
008 - FIXED-LENGTH DATA ELEMENTS
- fixed length control field: 251111|| aca||aabn | a|a d
040 ## - CATALOGING SOURCE
- Original cataloging agency: NUST
- Transcribing agency: NUST
151 ## - HEADING--GEOGRAPHIC NAME
- Geographic name: TCC-10
670 ## - SOURCE DATA FOUND
- Source citation: Work cat.: (NUST)182679: Ansari, CSUO Haris (TCC-10) 131807, CDMA based communication system core design using forward channel of TIA IS - 95 /, 2002
